Statistics for Pokémon names that end with D

Click here to take the quiz!

General Stats

  • This quiz has been taken 64 times
    (46 since last reset)
  • The average score is 7 of 24

Answer Stats

GenPokémon% Correct
ICharizard
50%
IIDelibird
50%
VStoutland
50%
IFarfetch'd
42%
VIIISirfetch'd
42%
IIRemoraid
42%
VIIIBoltund
42%
VIIAraquanid
33%
VIIGolisopod
33%
VSeismitoad
33%
IIILotad
33%
VPawniard
25%
IIIWailord
25%
IIPolitoed
25%
IIILoudred
25%
VIIPalossand
25%
IMetapod
25%
IIIExploud
25%
IIElekid
25%
VIIWimpod
25%
VPalpitoad
17%
VLiepard
17%
VIIGuzzlord
17%
VFerroseed
17%

Score Distribution

Percentile by Number Answered

Percent of People with Each Score

Your Score History

You have not taken this quiz since the last reset